| 000 | 01090nas a2200337 4500 | ||
|---|---|---|---|
| 001 | BR9904308 | ||
| 003 | BR-BrBNA | ||
| 005 | 20231205101556.0 | ||
| 007 | ta | ||
| 008 | 230509b bl.|||p| |||| 00| 00por d | ||
| 040 |
_aBR-BrBNA _bpor _cBiblioteca Nacional de Agricultura |
||
| 041 | _a(Pt) | ||
| 072 | _aF60; Q54; L02 | ||
| 100 | 1 | _aMorais, M.G. | |
| 100 | 1 | _aGoncalves, L.C. | |
| 100 | 1 | _aSilveira, A.C. | |
| 100 | 1 | _aLopes, H.O.S. | |
| 245 | 1 | _aVariacao sazonal da composicao da planta e da proteina bruta de Brachiaria decumbens sob pastejo continuo em solos arenoso e argiloso | |
| 650 | _aCapim Brachiaria | ||
| 650 | _aMateria Seca | ||
| 650 | _aSolo Arenoso | ||
| 650 | _aSolo Argiloso | ||
| 650 | _aCaracteristicas Agronomicas | ||
| 650 | _aComposicao Quimica | ||
| 650 | _aAnalise Quimica | ||
| 650 | _aPastejo | ||
| 650 | _aMato Grosso do Sul | ||
| 773 | 0 |
_tArquivo Brasileiro de Medicina Veterinaria e Zootecnia (Brazil) _xISSN 0102-0935 _g(Oct 1998), v. 50(5) p. 573-580 _wBR9904308 |
|
| 909 |
_a202311 _bLúcia _c55 _dLúcia Elande |
||
| 942 |
_2AGRIS _n0 _cANA |
||
| 999 |
_c162627 _d162627 |
||